[Event "Moscow op-B 04th"]
[Site "Moscow"]
[Date "2008.02.07"]
[Round "6"]
[White "Radjanets, Andrey"]
[Black "Golubev, Igor"]
[Result "1-0"]
[WhiteElo "1957"]
[BlackElo "2111"]
[PlyCount "103"]
[EventDate "2008.02.02"]
[EventType "swiss"]
[EventRounds "9"]
[EventCountry "RUS"]
[SourceTitle "CBM 122 Extra"]
[Source "ChessBase"]
[SourceDate "2008.03.04"]
[SourceVersion "1"]
[SourceVersionDate "2008.03.04"]
[SourceQuality "1"]

1. b3 e6 2. Bb2 d5 3. e3 c6 4. c4 f5 5. Be2 Nf6 6. Nf3 Bd6 7. d3 0-0 8. Nbd2 Qe7 9. 0-0 e5 10. d4 Nbd7 11. dxe5 Nxe5 12. cxd5 Nxd5 13. Nc4 Nxc4 14. Bxc4 Be6 15. Nd4 Rad8 16. Qf3 Bc5 17. Nxe6 Qxe6 18. a4 Rd7 19. Rad1 Rfd8 20. Bd4 Bxd4 21. Rxd4 g6 22. e4 fxe4 23. Rxe4 Qf7 24. Qg3 Qg7 25. Rfe1 Rf8 26. h4 Qf6 27. h5 Kg7 28. h6+ Kh8 29. Re8 Rdf7 30. R8e2 g5 31. f3 Qxh6 32. Re6 Rf6 33. Qe5 Qg7 34. Bxd5 cxd5 35. Qxd5 Rxe6 36. Rxe6 h6 37. Qd6 Kh7 38. Qd3+ Kh8 39. Qe4 Rd8 40. Re7 Qd4+ 41. Qxd4+ Rxd4 42. Rxb7 a5 43. Kf2 g4 44. Kg3 h5 45. f4 Kg8 46. f5 Rd3+ 47. Kf4 g3 48. Kg5 Rd2 49. Kg6 Kf8 50. f6 Rd8 51. Rh7 Ke8 52. Rh8+ 1-0